マインクラフト 進捗名 - Statistics

General Stats
  • This quiz has been taken 841 times
  • The average score is 33 of 117
Answer Stats
Hint Answer % Correct
真新しいツルハシで石を採掘する 石器時代
90%
より良いツルハシをつくる アップグレード
81%
ダイヤモンドを手に入れる ダイヤモンド!
77%
盾で飛び道具を跳ね返す 今日はやめておきます
67%
黒曜石を手に入れる アイス・バケツ・チャレンジ
65%
バケツを溶岩で満たす ホットスタッフ
64%
エンドポータルに入る おしまい?
63%
ツルハシを強化する 鉄のツルハシで決まり
58%
ダイヤモンドの防具は命を救います ダイヤモンドで私を覆って
56%
すべての種類の効果の付与を同時に受ける どうやってここまで?
52%
敵対的なモンスターを倒す モンスターハンター
52%
金でピグリンの気をそらす わーいぴかぴか!
51%
鉄の防具で身を守る 装備せよ
50%
火の玉をガストに打ち返す 差出人に返送
49%
望遠鏡を通してガストを見る あれは風船?
49%
ネザーポータルを作り、着火し、入る さらなる深みへ
48%
エンダーアイを追いかける アイ・スパイ
48%
泣く黒曜石を手に入れる 玉ねぎを切っているのは誰?
48%
鉄インゴットを製錬する 金属を手に入れる
47%
望遠鏡を通してオウムを見る あれは鳥?
46%
ネザーを利用してオーバーワールドでの7kmを移動する 亜空間バブル
45%
砦の遺跡へ入る 兵どもが夢の跡
44%
襲撃から村を守る 村の英雄
44%
ブレイズロッドを手に入れる 炎の中へ
43%
村人ゾンビを弱らせてから治療する ゾンビドクター
42%
ネザー要塞に侵入する 恐ろしい要塞
42%
砦の遺跡にあるチェストを開ける ブタ戦争
42%
望遠鏡を通してエンダードラゴンを見る あれは飛行機?
42%
スカルクセンサーまたはウォーデンの近くでスニークして感知されないようにする スニーク100
42%
クロスボウを撃つ おてんば
41%
エンチャントテーブルでアイテムをエンチャントする エンチャントの使い手
40%
すべての種類のネザーのバイオームを探検する ホットな観光地
40%
エンダードラゴンを復活させる おしまい…再び…
38%
村人と取引をする 良い取引だ!
38%
ネザライトの防具一式を手に入れる 残骸で私を覆って
37%
ポーションを醸造する 町のお薬屋さん
37%
ベッドで眠り、リスポーン地点を設定する 良い夢見てね
36%
ガストをネザーから救出し、安全にオーバーワールドに持ち帰り…しすて倒す。 不安な同盟
35%
動物を繁殖させる コウノトリの贈り物
35%
不死のトーテムを使用して死を免れる 死を超えて
34%
50m以上離れた場所からスケルトンを倒す スナイパー対決
34%
弓と矢で何かを撃つ 狙いを定めて
32%
ウィザースケルトンの頭蓋骨を手に入れる 不気味で怖いスケルトン
31%
ウィザーを召喚する 荒が丘
31%
魚を釣る 生臭い仕事
31%
幸運を祈る エンドの解放
30%
銅ブロックにハニカムを塗る! 錆止め
30%
ドラゴンの卵を持つ ザ・ネクストジェネレーション
28%
ビーコンを準備して起動させる 生活のビーコン
27%
村を守ってもらうためにアイアンゴーレムを召喚する お手伝いさん
27%
矢を貫通させて2体のファントムを倒す 一石二鳥
27%
動物を手懐ける 永遠の親友となるだろう
27%
魚を捕る... 釣竿なしで! 戦術的漁業
27%
ワールドの頂上(限界高度)からワールドの底へ落下し、生き残る 洞窟と崖
26%
最大パワーのビーコンを作る ビーコネーター
25%
シュルカーの攻撃で50ブロック以上浮遊する ここからの素晴らしい眺め
25%
建築限界高度で村人と取引をする 星の商人
25%
すべての種類のバイオームを発見する 冒険の時間
25%
種を植え、成長を観察する 種だらけの場所
25%
すべての種類のポーション効果の付与を同時に受ける 猛烈なカクテル
24%
30ブロック以上離れた場所から的の中心に命中させる 的中
24%
銅ブロックの錆止めをこすり落とす! 錆止め落とし
24%
古代の残骸を手に入れる 深淵に隠されしもの
23%
オーバーワールドの溶岩湖で長ーーーくストライダーを乗りこなす 実家のような安心感
23%
島を脱出する 遠方への逃走
23%
ガラス瓶にドラゴンの息を集める 口臭に気をつけよう
22%
エリトラを見つける 空はどこまでも高く
22%
ハチミツブロックに飛び込み、落下を阻止する べとべとな状況
22%
粉雪の上を歩く...沈むことなく ウサギのように軽く
22%
襲撃隊の大将を倒す。. 自主的な亡命
20%
ピリジャーを奴らの手段で懲らしめる どっちが略奪者?
20%
ネザライトインゴットでクワをアップグレードし、己の人生の選択について考え直す 真面目な献身
20%
すべての種類の動物を繁殖させる 二匹ずつ
19%
ロードストーンにコンパスを使用する この道をずっとゆけば
17%
入りたまえ、何が起こるだろうか? ゲームの果ての都市
17%
すべての種類の敵対的なモンスターを倒す モンスター狩りの達人
17%
自動作業台で自動作業台をクラフトする 自動作業台製自動作業台
17%
試練の間に踏み入れる minecraft:トライアル版
17%
トライデントを投げつける。 もったいぶった一言
16%
5種類のMobをクロスボウを使って一度に倒す クロスボウの達人
15%
ヤギと一緒にボートに乗り、浮かぶ あなたのヤギたい様に!
15%
すべての種類のネコを手懐ける 猫大全集
15%
身体にどんな影響があろうと、食べられるものはすべて食べる バランスの取れた食事
15%
メイスを使って一撃でハート50個分のダメージを与える 超・やりすぎ
15%
リスポーンアンカーを最大までチャージする 人に九生なし
14%
ジュークボックスの音楽で草地を生き生きさせる サウンド・オブ・ミュージック
13%
雷で村人を打つ とてもとても恐ろしい
13%
看板の文字を発光させる この輝きに驚くことなかれ!
13%
ウィンドチャージを使って8ブロック以上飛び上がる ロケットいらず
13%
歪んだキノコ付きの棒を持ってストライダーに乗る 足の生えたボート
12%
模様入りの本棚からレッドストーンコンパレーターを介して信号を読み取る 本は力なり
12%
焚き火を利用して、ミツバチを怒らせずにガラス瓶にハチミツを採取する 秘蜜の晩餐会
12%
火事を起こさずに不慮の電撃から村人を守る 危機一髪!
11%
アレイにアイテムを運んできてもらう 君はともだち
11%
鍛冶台で防具に装飾を施す。 おニューの衣装
10%
スカルクカタリストの近くでMobを倒す 「それ」は浸食する
10%
バケツでオタマジャクシを捕まえる おけおけ
10%
バケツでウーパールーパーを捕る いちばんカワイイ捕食者
10%
スニッファーの卵を手に入れる。 興味深い匂い
9%
すべての種類のオオカミを手懐ける ワンチーム
9%
不吉な宝物庫に不吉な試練の鍵を使用する 怪錠
9%
ブリーズの放ったウィンドチャージを弾き返してブリーズを倒す 逆風
9%
アレイに音符ブロックの場所へケーキを落としてもらう バースデー・ソング
8%
ウーパールーパーと共に戦い、勝利する 友情の癒しパワー!
8%
全種類のフロッグライトをインベントリに入れる 僕たちの力を合わせて!
7%
すべての防具装飾を、それぞれ最低一回以上施す オシャレな鍛冶職人
6%
4つの壷の欠片を使って飾り壺を作る 丁寧な修復作業
6%
シルクタッチを使用して、3匹のミツバチが中に入っているミツバチの巣を移動する 綿蜜な引越し
6%
アルマジロのウロコでオオカミの鎧を修復する まるで新品
6%
アルマジロのウロコを手に入れる 可憐でしょう?
6%
斧で銅の電球の錆を取る 明るくなーれ
6%
怪しげなブロックをブラシで払って、壺の欠片を手に入れる 文明の面影に敬意を
5%
宝物庫に試練の鍵を使用する 錠と鍵に隠されしもの
5%
それぞれの種類のカエルをリードで繋ぐ みんなで町に跳び込もう
4%
子供のスニッファーに餌を与える 可愛らしい鼻の音
4%
スニッファーが見つけた古代の植物の種を植える 遥か古の植物
3%
ハサミを使用し、オオカミの鎧を外す ハサミのひらめき
3%
No matching quizzes found
Score Distribution
Percent of People with Each Score
Percentile by Number Answered
Your Score History
You have not taken this quiz